000 00758cam a2200265 4500
005 20260322212015.0
006 data
007 data
008 data
010 _a 72010133//r85
020 _a0132224224
020 _a9780132224222
040 _aCtY
_beng
_cCtY
050 0 _aQE26.2
_b.M32
092 _a551 M32 1973
100 1 _aMcAlester, A. Lee
_d1933-
_q(Arcie Lee),
245 1 4 _aThe earth:
_ban introduction to the geological and geophysical sciences
_cA. Lee McAlester.
260 0 _aEnglewood Cliffs, N.J.,
_bPrentice-Hall
_c[1973]
300 _a1 online resource
504 _aIncludes bibliographical references.
650 0 _aEarth sciences.
650 0 _aAstronomy.
730 0 _aInternet Archive Controlled Digital Lending.
001 data
999 _c322
_d322